000 00447nam a22001817a 4500
003 OSt
005 20180116183049.0
008 160726b xxu||||| |||| 00| 0 eng d
020 _a9780078309632
040 _c0
082 _a004 NOR 2003
100 _aPeter Norton's
245 _aEssential Concepts
_cPeter Norton's
260 _aUSA
_bGlencoe/McGraw-Hill
_c2003
300 _a276 p.
_bPB
440 _aEssential Concepts
942 _2ddc
_cBK
999 _c351542
_d351542